Akta membaharui undang-undang (perkahwinan dan penceraian) 1976 (Akta 164) semua pindaan hingga Januari,1996
Saved in:
| Corporate Authors: | , |
|---|---|
| Format: | Book |
| Published: |
Kuala Lumpur
MDC
1996
|
| Subjects: | |
| Tags: |
Add Tag
No Tags, Be the first to tag this record!
|
| Call Number : | KPG 453 M239 1996 |
MARC
| LEADER | 00000pam a2200000 4500 | ||
|---|---|---|---|
| 001 | 35188 | ||
| 003 | MY-KLNDU | ||
| 005 | 20241218090640.0 | ||
| 020 | 0 | 0 | |a 9677003658 |
| 035 | |a 0000023153 | ||
| 039 | 9 | |y 200910091558 |z VLOAD | |
| 090 | 0 | 0 | |a KPG 453 |b M239 1996 |
| 110 | 1 | 0 | |a Malaysia |
| 245 | 1 | 0 | |a Akta membaharui undang-undang (perkahwinan dan penceraian) 1976 (Akta 164) |b semua pindaan hingga Januari,1996 |c disusun semula oleh Penasihat Undang-Undang MDC |
| 260 | 0 | 0 | |a Kuala Lumpur |b MDC |c 1996 |
| 300 | |a vi,78p. |b ill. |c 25cm | ||
| 650 | 0 | 0 | |a Law |z Malaysia |
| 650 | 0 | 0 | |a Marriage law |z Malaysia |
| 710 | 1 | 1 | |a Penasihat Undang-Undang MDC |
| 999 | |a vtls000024648 |c 35188 |d 35188 | ||


